Manažment intoxikácií u detí

Bibliographic Details
Main Authors: Raffaj, Dušan (Author), Dluholucký, Svetozár, 1940- (Author)
Format: Article
Language:Slovak
PhysicalDescription:Graf, fotogr., tab.
ISSN:1335-4477
Subjects:

MARC

LEADER 00000nab a2200000 a 4500
001 vtls001492117
003 SK-MaSNL
005 20260304214819.0
008 140303c2004 xo wrzp 0 0slo
015 |a SNBRB2005/02 
040 |a SNKBUCL  |b slo  |c SNKBUCL  |e AACR2 
041 0 |a slo 
044 |a xo  |c SK 
080 |a 616-099-053.2-085  |2 1997 
080 |a 615.9  |2 1997 
080 |a 615.099  |2 1997 
100 1 |a Raffaj, Dušan  |4 aut  |9 1548912 
245 1 0 |a Manažment intoxikácií u detí  |c Dušan Raffaj, Svetozár Dluholucký 
300 |b Graf, fotogr., tab. 
650 0 7 |a terapia  |2 snkbucl  |9 781 
650 0 7 |a intoxikácia  |2 snkbucl  |9 27403 
650 0 7 |a deti  |2 snkbucl  |9 773 
700 1 |a Dluholucký, Svetozár,  |d 1940-  |4 aut  |9 113068 
773 0 |t Zdravotnícke noviny  |g Roč. IX, č. 39 (2004)  |x 1335-4477 
773 0 8 |t Lekárske listy  |g Č. 39 (2004), s. 22-26 
852 |a SNK  |b KIS3GCP 
958 |a MI 
999 |c 3143396  |d 3145326